| 000 | 00879cam a2200277 4500 | ||
|---|---|---|---|
| 999 |
_c328838 _d328838 |
||
| 001 | 1274181 | ||
| 003 | Nust | ||
| 005 | 20170417170328.0 | ||
| 008 | 710212r19701858nyuabc 001 0 eng | ||
| 010 | _a 75115504 | ||
| 020 | _a0405030029 | ||
| 040 |
_aDLC _cDLC _dDLC |
||
| 043 |
_ae-urs-- _aac----- _ae-ur-kg |
||
| 050 | 0 | 0 |
_aDK755 _b.A77 1970b |
| 082 | 0 | 0 |
_a915.70437 _bATK |
| 100 | 1 |
_aAtkinson, Thomas Witlam, _d1799-1861. |
|
| 245 | 1 | 0 | _aOriental and western Siberia. |
| 260 |
_aNew York, _bArno Press, _c1970. |
||
| 300 |
_axvi, 533 p. _billus., map, group ports. _c24 cm. |
||
| 490 | 0 | _aRussia observed | |
| 500 | _aReprint of the 1858 ed. | ||
| 651 | 0 |
_aSiberia (Russia) _xDescription and travel. |
|
| 651 | 0 |
_aAsia, Central _xDescription and travel. |
|
| 651 | 0 | _aKyrgyz. | |
| 906 |
_a7 _bcbc _corignew _d2 _encip _f19 _gy-gencatlg |
||
| 942 |
_2ddc _cBK |
||